| 000 | 01042 a2200313 4500 | ||
|---|---|---|---|
| 005 | 20260316092702.0 | ||
| 020 | _a9780639016764 | ||
| 050 |
_aHF5616 _bKOP 2024 |
||
| 100 |
_aKoppeschaar, ZR _eauthor |
||
| 245 |
_aDescriptive accounting : _bIFRS accounting standards / _cZR Koppeschaar, K Papageorgiou, J Rossouw, A Schmulian, C Brittz and A Gazi-Babana |
||
| 250 | _aTwenty-third edition | ||
| 264 |
_aJohannesburg : _bLexisNexis, _c2024 |
||
| 300 |
_axiii, 894 pages ; _billustrations |
||
| 336 |
_2rdacontent _atext _btxt |
||
| 337 |
_2rdamedia _aunmediated _bn |
||
| 338 |
_2rdacarrier _avolume _bnc |
||
| 505 | _a. | ||
| 520 | _a. | ||
| 650 | _a Accounting | ||
| 650 |
_aAccounting _xSouth Africa |
||
| 650 | _aAccounting Standards | ||
| 650 | _aAccounting Standards South Africa | ||
| 700 |
_aRossouw, J. _eauthor |
||
| 700 |
_aPapageorgiou, K. _eauthor |
||
| 700 |
_aSchmulian, A. _eauthor |
||
| 700 |
_aGazi-Babana, A. _eauthor |
||
| 700 |
_aBrittz, C. _eauthor |
||
| 942 |
_2lcc _cBK _eTwenty-third edition _h5616 _iKOP _kHF |
||
| 999 |
_c11712 _d11712 |
||